[Event "Werden 2- Mülheim "]
[Site "?"]
[Date "2023.09.17"]
[Round "2.5"]
[White "Brockmann, Michael"]
[Black "Lange, Ralf"]
[Result "1/2-1/2"]
[WhiteElo "1880"]
[BlackElo "1635"]
[PlyCount "84"]
[SourceDate "2023.10.09"]

1. d4 Nf6 2. Nf3 g6 3. e3 Bg7 4. Bd3 O-O 5. Nbd2 d6 6. O-O c5 7. Qe2 Nc6 8. c3
a6 9. a4 Bd7 10. Ne4 Nxe4 11. Bxe4 Rb8 12. Rd1 Qc8 13. Rb1 Bf5 14. Bxf5 Qxf5
15. e4 Qh5 16. dxc5 Qxc5 17. Rd5 Qb6 18. Be3 Qc7 19. Qd2 Na5 20. Qd1 Nc4 21.
Bc1 Nb6 22. Rd3 Rbc8 23. Be3 Qc6 24. b3 Nd7 25. Bd4 Nc5 26. Re3 Ne6 27. Bxg7
Kxg7 28. Nd4 Nxd4 29. Qxd4+ f6 30. h4 Qc5 31. Qxc5 Rxc5 32. Kf1 Rfc8 33. Rc1 b5
34. axb5 axb5 35. Ke2 Kf7 36. Kd2 Ke6 37. Kc2 Ra8 38. Kb2 Rc7 39. Ra1 Rxa1 40.
Kxa1 d5 41. Kb2 Ke5 42. exd5+ Kxd5 1/2-1/2

[Event "Werden 2- Mülheim "]
[Site "?"]
[Date "2023.09.17"]
[Round "2.6"]
[White "Kowalczik, Uwe"]
[Black "Wisotzky, Klaus"]
[Result "1/2-1/2"]
[WhiteElo "1613"]
[BlackElo "1552"]
[PlyCount "92"]
[SourceDate "2023.10.09"]

1. e4 d5 2. e5 c5 3. d4 cxd4 4. Qxd4 Nc6 5. Qf4 e6 6. Nf3 Be7 7. a3 Bd7 8. Bd3
h6 9. h4 Qc7 10. Nc3 a6 11. Qg3 Bf8 12. Be3 Na7 13. O-O Nb5 14. Ne2 d4 15.
Nfxd4 Nxd4 16. Nxd4 Ne7 17. f4 O-O-O 18. c4 Nf5 19. Bxf5 exf5 20. b4 Kb8 21.
Rfc1 Be6 22. c5 Rg8 23. Qf2 g5 24. fxg5 hxg5 25. hxg5 Bg7 26. Nf3 Rd5 27. a4
Rh8 28. Bf4 Rhd8 29. Qe2 Rd3 30. Ne1 R3d4 31. g3 Rxb4 32. c6 bxc6 33. Qxa6 Qb6+
34. Qxb6+ Rxb6 35. Rcb1 Rxb1 36. Rxb1+ Kc7 37. a5 Ra8 38. Ra1 Bf8 39. Be3 Be7
40. Rb1 c5 41. Bd2 Ra6 42. Nc2 Bd8 43. Kf2 Kc6 44. Ra1 Bc7 45. Bc3 Bd8 46. Bd2
Bc7 1/2-1/2

[Event "Werden 2- Mülheim "]
[Site "?"]
[Date "2023.09.17"]
[Round "2.7"]
[White "Lohmar, Hermann"]
[Black "Kanno, Clara"]
[Result "0-1"]
[WhiteElo "1529"]
[BlackElo "1639"]
[PlyCount "82"]
[SourceDate "2023.10.09"]

1. Nf3 d5 2. g3 c6 3. Bg2 Bf5 4. O-O e6 5. b3 h6 6. Bb2 Nf6 7. d3 Nbd7 8. Nbd2
Be7 9. Re1 Nc5 10. Rc1 O-O 11. c4 Qb6 12. cxd5 cxd5 13. d4 Nce4 14. Nxe4 Nxe4
15. e3 Qa5 16. a3 Rac8 17. b4 Qb6 18. Ne5 Rc7 19. Qa4 Rfc8 20. Rxc7 Rxc7 21.
Qe8+ Kh7 22. Nxf7 Bf6 23. Ne5 Bxe5 24. dxe5 Rc2 25. Bd4 Qa6 26. Bxe4 dxe4 27.
a4 Qc4 28. Qb5 Qxb5 29. axb5 b6 30. Ra1 Bh3 31. Rb1 Kg6 32. f3 exf3 33. e4 Rg2+
34. Kh1 Rd2 35. Be3 Re2 36. Bd4 f2 37. Bxf2 Rxf2 38. Kg1 Rg2+ 39. Kh1 Re2 40.
Kg1 Rxe4 41. Kf2 Rxe5 0-1

[Event "Werden 2- Mülheim "]
[Site "?"]
[Date "2023.09.17"]
[Round "2.8"]
[White "Claussen, Alexander"]
[Black "Bock, Klaus"]
[Result "1/2-1/2"]
[WhiteElo "1476"]
[BlackElo "1969"]
[PlyCount "89"]
[SourceDate "2023.10.09"]

1. b3 Nf6 2. e3 g6 3. Bb2 Bg7 4. f4 O-O 5. Nf3 d6 6. Be2 c6 7. O-O Nbd7 8. Qe1
Qc7 9. h3 b5 10. d3 Qb6 11. Bd4 c5 12. Bb2 Nd5 13. Bxg7 Kxg7 14. Qd2 c4 15. Kf2
Nxf4 16. dxc4 Nxe2 17. Qxe2 Ba6 18. cxb5 Bxb5 19. c4 Bc6 20. Nc3 Nf6 21. Qb2 a5
22. Nd4 Bd7 23. Ke2 e5 24. Rxf6 exd4 25. Nd5 Qc5 26. Qxd4 Qxd4 27. exd4 Be6 28.
Raf1 Bxd5 29. cxd5 a4 30. Rxd6 axb3 31. axb3 Ra2+ 32. Kf3 Rb8 33. Rb1 Re8 34.
Rc6 Rae2 35. d6 R8e3+ 36. Kf4 h6 37. h4 Re4+ 38. Kf3 g5 39. hxg5 hxg5 40. Kg3
Rxd4 41. b4 Rdd2 42. b5 Rxg2+ 43. Kf3 Rgf2+ 44. Ke3 Rfe2+ 45. Kf3 1/2-1/2

[Event "SV Bönen 2 - SC Hansa Dortmund"]
[Site "?"]
[Date "2023.09.17"]
[Round "2.1"]
[White "Karger, Frank"]
[Black "Medger, Gernot"]
[Result "1-0"]
[WhiteElo "2235"]
[BlackElo "1813"]
[PlyCount "49"]
[SourceDate "2023.10.09"]
[WhiteTeam "SC Hansa Dortmund 1"]
[BlackTeam "SV BÃ¶nen 2"]

1. d4 d5 2. c4 c6 3. Nf3 Nf6 4. Nc3 dxc4 5. a4 Bf5 6. e3 e6 7. Bxc4 Bb4 8. O-O
O-O 9. Qe2 Bg6 10. Ne5 Nbd7 11. Nxg6 hxg6 12. Rd1 Nb6 13. Bb3 Qc7 14. e4 Rad8
15. e5 Nfd5 16. Ne4 Nc8 17. h4 Nce7 18. Bg5 Rd7 19. h5 gxh5 20. Qxh5 Re8 21.
Rd3 g6 22. Qh2 f5 23. Nf6+ Nxf6 24. Bxe6+ Kf8 25. Bh6# 1-0

[Event "SV Bönen 2 - SC Hansa Dortmund"]
[Site "?"]
[Date "2023.09.17"]
[Round "2.2"]
[White "Beulertz, Stefan"]
[Black "Zelt, Jens"]
[Result "1/2-1/2"]
[WhiteElo "1931"]
[BlackElo "1991"]
[PlyCount "87"]
[SourceDate "2023.10.09"]
[WhiteTeam "SV BÃ¶nen 2"]
[BlackTeam "SC Hansa Dortmund 1"]

1. e4 d6 2. d4 c6 3. Nf3 g6 4. Bc4 Bg7 5. O-O Nf6 6. e5 Nd5 7. c3 O-O 8. h3 h6
9. Re1 Na6 10. Nbd2 Nac7 11. Nf1 b5 12. Bd3 Be6 13. a4 a6 14. axb5 axb5 15.
Rxa8 Qxa8 16. N1h2 Qc8 17. Qe2 Bf5 18. Bd2 h5 19. Nh4 Bxd3 20. Qxd3 dxe5 21.
dxe5 Nb6 22. N2f3 Nc4 23. Bc1 Qd8 24. Qe2 Ne6 25. b3 Nb6 26. Rd1 Qc7 27. c4
bxc4 28. bxc4 Rd8 29. Rxd8+ Qxd8 30. Bb2 Bh6 31. g3 Na4 32. Ba3 Qd7 33. Qc2 c5
34. Bc1 Bg7 35. Be3 Nb6 36. Qe4 Kh7 37. Ng5+ Nxg5 38. Bxg5 Qe6 39. f4 Nxc4 40.
Bxe7 Nxe5 41. Bxc5 Qc8 42. Qd5 Nd7 43. Bf2 Qe8 44. Nf3 1/2-1/2

[Event "SV Bönen 2 - SC Hansa Dortmund"]
[Site "?"]
[Date "2023.09.17"]
[Round "2.3"]
[White "Dawid, Adalbert"]
[Black "Romstadt, Dirk"]
[Result "1-0"]
[WhiteElo "1940"]
[BlackElo "1707"]
[PlyCount "96"]
[SourceDate "2023.10.09"]
[WhiteTeam "SC Hansa Dortmund 1"]
[BlackTeam "SV BÃ¶nen 2"]

1. d4 c6 2. c4 d5 3. Nf3 Nf6 4. Nc3 e6 5. Bg5 Nbd7 6. e3 Be7 7. Qc2 O-O 8. Bd3
dxc4 9. Bxc4 Nd5 10. Bxe7 Qxe7 11. Nxd5 exd5 12. Bd3 Nf6 13. Ne5 Qb4+ 14. Ke2
Be6 15. a3 Qd6 16. b4 Rac8 17. Qc5 Qxc5 18. bxc5 Nd7 19. Nxd7 Bxd7 20. Rhb1 Rc7
21. Rb4 g6 22. Rab1 Bc8 23. Ra4 a6 24. h4 h5 25. Kf3 Kg7 26. Rab4 Re8 27. Re1
Rce7 28. Rb2 Kh6 29. Kg3 Kg7 30. Rbe2 Bd7 31. f3 f5 32. Bc2 Kf6 33. Kf4 Bc8 34.
Bb3 Bd7 35. e4 dxe4 36. fxe4 Rxe4+ 37. Rxe4 Rxe4+ 38. Rxe4 fxe4 39. d5 e3 40.
Kxe3 Ke5 41. d6 a5 42. Bf7 Kf6 43. Bg8 Ke5 44. Bh7 Kf6 45. Kf4 Kg7 46. Kg5 Kxh7
47. Kf6 Kh6 48. Ke7 Bf5 1-0

[Event "SV Bönen 2 - SC Hansa Dortmund"]
[Site "?"]
[Date "2023.09.17"]
[Round "2.4"]
[White "Zimmer, Sebastian"]
[Black "Krüger, Simon"]
[Result "0-1"]
[WhiteElo "1710"]
[BlackElo "1963"]
[PlyCount "57"]
[SourceDate "2023.10.09"]
[WhiteTeam "SV BÃ¶nen 2"]
[BlackTeam "SC Hansa Dortmund 1"]

1. e4 c5 2. Nc3 e6 3. f4 a6 4. Nf3 b5 5. g3 Bb7 6. d3 Nc6 7. Bg2 Nf6 8. O-O b4
9. Ne2 Be7 10. c3 Qb6 11. h3 c4+ 12. d4 Nxe4 13. Kh2 O-O 14. d5 exd5 15. Qxd5
Nd6 16. cxb4 Nxb4 17. Qh5 f6 18. Ned4 g6 19. Qh4 Rad8 20. Be3 Nd5 21. Bg1 Qxb2
22. f5 g5 23. Qh6 Nc3 24. g4 Nf7 25. Qh5 Bxf3 26. Nxf3 Bd6+ 27. Kh1 Ne2 28. Bh2
Bxh2 29. Nxh2 0-1

[Event "SV Bönen 2 - SC Hansa Dortmund"]
[Site "?"]
[Date "2023.09.17"]
[Round "2.5"]
[White "Schäpers, Lars"]
[Black "Leisen, Peter"]
[Result "1/2-1/2"]
[WhiteElo "1878"]
[BlackElo "1721"]
[PlyCount "46"]
[SourceDate "2023.10.09"]
[WhiteTeam "SC Hansa Dortmund 1"]
[BlackTeam "SV BÃ¶nen 2"]

1. d4 d6 2. c4 e5 3. e3 Be7 4. Nc3 Nf6 5. Qc2 Nc6 6. d5 Nb8 7. Bd3 a5 8. Nge2
Bd7 9. Bd2 Na6 10. Ne4 h6 11. Bxa5 Nxe4 12. Bxe4 Nc5 13. Bc3 Nxe4 14. Qxe4 f5
15. Qc2 O-O 16. O-O Bf6 17. a3 Qe7 18. Rfe1 Rae8 19. a4 g5 20. a5 Qf7 21. f4
Kg7 22. g3 Qh5 23. Nc1 gxf4 1/2-1/2

[Event "SV Bönen 2 - SC Hansa Dortmund"]
[Site "?"]
[Date "2023.09.17"]
[Round "2.6"]
[White "Rudlof, Jürgen"]
[Black "Velli, Filippo"]
[Result "0-1"]
[WhiteElo "1703"]
[BlackElo "2239"]
[PlyCount "88"]
[SourceDate "2023.10.09"]
[WhiteTeam "SV BÃ¶nen 2"]
[BlackTeam "SC Hansa Dortmund 1"]

1. e4 e5 2. Nf3 Nc6 3. d4 exd4 4. Bc4 Nf6 5. e5 d5 6. Bb5 Nd7 7. O-O Be7 8. e6
fxe6 9. Bxc6 bxc6 10. Nxd4 Nf6 11. Nxc6 Qd7 12. Nxe7 Qxe7 13. Qe2 O-O 14. f3
Qd6 15. Re1 Bd7 16. Nc3 Qb6+ 17. Kh1 c5 18. Qe5 Rf7 19. b3 Rc8 20. Ne2 Ne8 21.
Bb2 Rf5 22. Qg3 d4 23. Qh4 Qd6 24. Ng3 Rf4 25. Qh5 Qf8 26. Ba3 Nf6 27. Qe5 Nd5
28. Ne4 Rc6 29. Re2 Rf5 30. Qg3 Nf4 31. Rd2 e5 32. Re1 Qc8 33. Qf2 Qc7 34. Ng3
Rg5 35. Qf1 Qa5 36. Bc1 Rh6 37. Kg1 Bb5 38. Qf2 Qc7 39. Rdd1 Rhg6 40. a4 Ba6
41. Re4 Bb7 42. Ree1 h5 43. Qf1 Ba6 44. Qf2 Qf7 0-1

[Event "SSV Bönen 2 - SC Hansa Dortmund"]
[Site "?"]
[Date "2023.09.17"]
[Round "2.7"]
[White "Wolffgang, Georg"]
[Black "Mukaj, Fitim"]
[Result "1-0"]
[WhiteElo "1860"]
[BlackElo "1440"]
[PlyCount "85"]
[SourceDate "2023.10.09"]
[WhiteTeam "SC Hansa Dortmund 1"]
[BlackTeam "SV BÃ¶nen 2"]

1. d4 Nf6 2. Bf4 g6 3. Nc3 Bg7 4. e4 d6 5. Qd2 h5 6. O-O-O a6 7. e5 dxe5 8.
dxe5 Qxd2+ 9. Rxd2 Ng4 10. Nd5 Kd8 11. Nb6+ Bd7 12. Nxa8 Nxe5 13. Be2 Kc8 14.
Nf3 Nbc6 15. Nxe5 Nxe5 16. Rhd1 Bc6 17. f3 b5 18. a4 e6 19. axb5 axb5 20. Bd3
Nxd3+ 21. Rxd3 e5 22. Nxc7 Kxc7 23. Be3 Bf6 24. Ra3 Ra8 25. Rxa8 Bxa8 26. Bb6+
Kc6 27. Bd8 Bg7 28. b4 Bb7 29. h4 Bc8 30. Be7 Be6 31. Rd6+ Kc7 32. Kd2 Bh6+ 33.
Kd3 Bf4 34. Ra6 Bf5+ 35. Kc3 e4 36. fxe4 Bxe4 37. Kd4 Bxg2 38. Rf6 Bc1 39. Rxf7
Kc8 40. Rg7 Bb2+ 41. c3 Bc1 42. Rxg6 Bh3 43. Bg5 1-0

[Event "SV Bönen 2 - SC Hansa Dortmund"]
[Site "?"]
[Date "2023.09.17"]
[Round "2.8"]
[White "Hüttl, Ingo"]
[Black "Zhang, Jingfu"]
[Result "0-1"]
[WhiteElo "1412"]
[BlackElo "1680"]
[Annotator "Medger,Gernot"]
[PlyCount "74"]
[SourceDate "2023.10.09"]
[WhiteTeam "SV BÃ¶nen 2"]
[BlackTeam "SC Hansa Dortmund 1"]

1. Nf3 Nf6 2. c4 c5 3. Nc3 Nc6 4. e4 d6 5. Be2 g6 6. d4 cxd4 7. Nxd4 Bg7 8.
Nxc6 bxc6 9. e5 dxe5 10. Qxd8+ Kxd8 11. O-O Bf5 12. f3 Kc7 13. Rd1 Rhd8 14. Be3
Rxd1+ 15. Rxd1 Nd7 16. Ne4 Bxe4 17. fxe4 a5 18. Bg4 e6 19. b3 f5 20. Bh3 Bf8
21. g4 f4 22. Bc1 Bc5+ 23. Kg2 g5 24. Kf3 Bd4 25. Bf1 $11 c5 26. a4 Nf6 27. h3
h5 28. Bg2 hxg4+ 29. hxg4 Rc8 30. Rd3 Rh8 31. Ke2 Rh2 32. Kf3 Rh4 33. Ke2 Rxg4
34. Bh3 Rg1 35. Bd2 Kb6 36. Be1 g4 37. Bh4 f3+ 0-1